000 01433cam a22003497a 4500
003 CHAP
005 20220329141743.0
008 971013s1993 r 00010 d
010 _a73359
011 _a74331
035 _a83890
040 _cCHAP
082 _a614
_bF5
100 0 0 _aFigueroa Perea, Juan Guillermo
_ecomp.
_940827
245 1 3 _aEl entorno de la regulación de la fecundidad en México
_b: una experiencia de investigación en la Dirección General de Planificación Familiar
260 _aMéxico, D. F. :
_bDirección General de Planificación Familiar,
_c1993
300 _a275 p.
_b; cuadros
490 0 _aDirección General de Planificación Familiar. Serie resultados de investigación
590 _aBATCH-UPD
_b10
_c20130110
_lUCH01
_h0607
590 _aBATCH-UPD
_b10
_c20130410
_lUCH01
_h0248
590 _aBATCH-UPD
_b10
_c20130914
_lUCH01
_h1141
590 _aCONVERSION
_b10
_c20130109
_lUCH01
_h1340
650 1 4 _aDemografía.
_931742
650 1 4 _aFamilia
_xPlaneación.
_939409
650 1 4 _aSalud pública.
_9101813
830 0 _aDirección General de Planificación Familiar. Serie resultados de investigación
_932691
901 _aBK
942 _cLIBRO
949 _a614 F5
_bBC
_cLIBRO
_d33724000011888
_eLIBRO
_h86833
_i83890
_mD
_si
949 _a614 F5
_bBC
_cLIBRO
_d33724000687695
_eLIBRO
_fc.3
_h92973
_i83890
_kDonaciØn
_sb
949 _a614 F5
_bBC
_cLIBRO
_d33724000688123
_eLIBRO
_fc.2
_h92442
_i83890
_si
999 _c73359
_d73359